00495 2200205 4500001002100000005001500021008004100036020002200077035001900099041000600118082001000124090001600134100001700150245003100167250000600198260004900204300002000253500000600273650001000279INLIS00000000000604420241224113221241224||||||||| | ||| |||| ||  a978-979-534-826-9 0010-1224006044 a00 aR 423 aR 423 KUM k0 aVijaya Kumar00aKamus Idiom Bahasa Inggris a1 aNew DelhibSterling Publisher Pvt.Ltd.c2013 a519 hlm .;21 cm a1 0aKamus